| 000 | 00434nam a22001697a 4500 | ||
|---|---|---|---|
| 003 | OSt | ||
| 008 | 230511b |||||||| |||| 00| 0 eng d | ||
| 020 | _a9789355510730 | ||
| 082 | _a005.133 KAL | ||
| 100 | _aKANETKAR,Yashavant | ||
| 245 | _aLet us C Soultions Authentic Solutions to Let Us C Exercises | ||
| 250 | _a18th Ed | ||
| 260 |
_aNew Delhi _bBPB _c2022 |
||
| 300 | _a262 | ||
| 650 | _aDecentralization | ||
| 942 |
_2ddc _cREF |
||
| 999 |
_c12020 _d12020 |
||